000
00293nam a22001337a 4500
008
170527b xxu||||| |||| 00| 0 eng d
020
_a
9780442017224
041
_a
eng
080
_a
62
100
_a
27
101
_a
IM
245
_a
SUCCESSFUL ENGINEERING
_c
PETROZZO, D.P
942
_2
udc
_c
BK
999
_c
14630
_d
14630